| 000 | 00688nam a2200169 a 4500 | ||
|---|---|---|---|
| 008 | 120416s1992 ||||||||||||||||| || u | ||
| 050 | _aHC 800 Nta | ||
| 100 | _aNtalaja, Nzongola | ||
| 245 | 1 | 4 | _aThe African crisis |
| 246 | _athe way out | ||
| 260 |
_aHarare _bSAPES _c1992 |
||
| 350 | _a0.00 | ||
| 650 | _aECONOMIC CRISIS--AFRICA | ||
| 650 | 0 | _aECONOMICS | |
| 995 |
_aANNEX COLLECTION (Main Library) _D0.00 _e730529 _FCBU-MAIN LIBRARY (Kitwe) _H1 _I2.75 _jHC 800 Nta _M1 _UAVAILABLE _y027621 _ZAnnex Low-Usage Collection |
||
| 995 |
_aANNEX COLLECTION (Main Library) _D0.00 _e730520 _FCBU-MAIN LIBRARY (Kitwe) _H1 _I0.00 _jHC 800 Nta _M2 _UAVAILABLE _WMay 4, 2006 _y024057 _ZAnnex Low-Usage Collection |
||
| 999 |
_c83782 _d83782 |
||